2022 England World Cup Squad - Statistics

General Stats
  • This quiz has been taken 52 times
  • The average score is 22 of 26
Answer Stats
Club Position Caps Answer % Correct
Arsenal RW 20 Bukayo Saka
97%
West Ham United DM 34 Declan Rice
97%
Manchester City CB 59 John Stones
97%
Everton GK 45 Jordan Pickford
97%
Borussia Dortmund CM 17 Jude Bellingham
97%
Manchester City RB 70 Kyle Walker
97%
Manchester United LB 23 Luke Shaw
97%
Chelsea RW 79 Raheem Sterling
97%
Tottenham Hotspur ST 75 Harry Kane
94%
Liverpool DM 70 Jordan Henderson
94%
Manchester City AM 18 Phil Foden
94%
Manchester United CB 48 Harry Maguire
91%
Manchester City LW 24 Jack Grealish
91%
Newcastle United RB 37 Kieran Trippier
91%
Manchester United LW 46 Marcus Rashford
91%
Newcastle United GK 10 Nick Pope
91%
Liverpool RB 17 Trent Alexander-Arnold
91%
Arsenal GK 3 Aaron Ramsdale
84%
Tottenham Hotspur CB 47 Eric Dier
84%
Leicester City AM 1 James Maddison
84%
Arsenal CB 4 Ben White
72%
Newcastle United ST 4 Callum Wilson
69%
Chelsea CM 4 Connor Gallagher
66%
Manchester City DM 23 Kalvin Phillips
66%
Chelsea CM 32 Mason Mount
53%
Everton CB 10 Conor Coady
38%
No matching quizzes found
Score Distribution
Percent of People with Each Score
Percentile by Number Answered
Your Score History
You have not taken this quiz